|
|
|
|
| LEADER |
00000nam0a2200000 4500 |
| 001 |
131615 |
| 005 |
20250529104405.0 |
| 035 |
|
|
|a (RuTPU)RU\TPU\book\142543
|
| 090 |
|
|
|a 131615
|
| 100 |
|
|
|a 20080219d1985 km y0rusy5003 ca
|
| 101 |
0 |
|
|a rus
|
| 102 |
|
|
|a RU
|
| 105 |
|
|
|a a g 000zy
|
| 200 |
1 |
|
|a Гребля на байдарках и каноэ
|e справочник
|f сост. Г. М. Краснопевцев, Ю. А. Плеханов
|
| 210 |
|
|
|a Москва
|c Физкультура и спорт
|d 1985
|
| 215 |
|
|
|a 192 с.
|c ил.
|
| 333 |
|
|
|a Исключено из фонда НТБ ТПУ
|
| 610 |
1 |
|
|a спорт
|
| 610 |
1 |
|
|a гребля
|
| 610 |
1 |
|
|a байдарки
|
| 610 |
1 |
|
|a каноэ
|
| 610 |
1 |
|
|a история
|
| 610 |
1 |
|
|a соревнования
|
| 610 |
1 |
|
|a Олимпийские игры
|
| 610 |
1 |
|
|a чемпионаты
|
| 610 |
1 |
|
|a справочники
|
| 675 |
|
|
|a 796
|
| 702 |
|
1 |
|a Краснопевцев
|b Г. М.
|g Георгий Михайлович
|4 220
|
| 702 |
|
1 |
|a Плеханов
|b Ю. А.
|g Юрий Александрович
|4 220
|
| 801 |
|
0 |
|a RU
|b RuMRKP
|c 19950704
|g psbo
|
| 801 |
|
1 |
|a RU
|b 63413507
|c 20080219
|g PSBO
|
| 801 |
|
2 |
|a RU
|b 63413507
|c 20081223
|g PSBO
|
| 850 |
|
|
|a 63413507
|
| 942 |
|
|
|c BK
|